L'Escola del Mar i la renovació pedagógica a Catalunya : (Record no. 136737)

MARC details
000 -LEADER
campo de control de longitud fija 00899nam a2200265 i 4500
001 - NÚMERO DE CONTROL
campo de control 136737
003 - IDENTIFICADOR DE NÚMERO DE CONTROL
campo de control ES-MaACL
005 - FECHA Y HORA DE LA ÚLTIMA TRANSACCIÓN
campo de control 20251009160207.0
007 - CAMPO FIJO DE DESCRIPCIÓN FÍSICA--INFORMACIÓN GENERAL
campo de control de longitud fija t|
008 - DATOS DE LONGITUD FIJA--INFORMACIÓN GENERAL
campo de control de longitud fija 070214s1973 sp r ||||1| cat d
080 ## - NÚMERO DE LA CLASIFICACIÓN DECIMAL UNIVERSAL
Número de la Clasificación Decimal Universal 37(460.23)"19"(091)
080 ## - NÚMERO DE LA CLASIFICACIÓN DECIMAL UNIVERSAL
Número de la Clasificación Decimal Universal 929 Vergés, Pedro
100 1# - ENTRADA PRINCIPAL--NOMBRE DE PERSONA
Nombre de persona Saladrigas, Robert.
9 (RLIN) 101699
245 12 - MENCIÓN DEL TÍTULO
Título L'Escola del Mar i la renovació pedagógica a Catalunya :
Resto del título converses amb Pere Vergés /
Mención de responsabilidad, etc. Robert Saladrigas.
250 ## - MENCION DE EDICION
Mención de edición 1ª ed.
260 ## - PUBLICACIÓN, DISTRIBUCIÓN, ETC.
Lugar de publicación, distribución, etc. Barcelona :
Nombre del editor, distribuidor, etc. Ed. 62,
Fecha de publicación, distribución, etc. 1973.
300 ## - DESCRIPCIÓN FÍSICA
Extensión 368 p., 14 h., 22 lám. ;
Dimensiones 25 cm.
490 1# - MENCIÓN DE SERIE
Mención de serie Cultura catalana contemporánea ;
Designación de volumen o secuencia 3
610 24 - PUNTO DE ACCESO ADICIONAL DE MATERIA--NOMBRE DE ENTIDAD CORPORATIVA
Nombre de entidad corporativa o nombre de jurisdicción como elemento de entrada Escola del Mar (Barcelona)
9 (RLIN) 173575
650 #7 - PUNTO DE ACCESO ADICIONAL DE MATERIA--TÉRMINO DE MATERIA
Término de materia o nombre geográfico como elemento de entrada Enseñanza-
Subdivisión geográfica Cataluña
Fuente del encabezamiento o término
9 (RLIN) 144805
700 1# - ENTRADA AGREGADA--NOMBRE PERSONAL
Nombre de persona Vergés, Pere,
Fechas asociadas al nombre 1896-1970
9 (RLIN) 164357
830 1# - PUNTO DE ACCESO ADICIONAL DE SERIE-TÍTULO UNIFORME
Título uniforme Cultura catalana contemporánea ;
Designación de volumen o secuencia 3
9 (RLIN) 187049
852 ## - LOCALIZACIÓN
Ubicación ES-MaACL
Número de control de estantería C-52789
Holdings
Estatus retirado Estado de pérdida Estado de daño No para préstamo Biblioteca de origen Biblioteca actual Ubicación en estantería Fecha de adquisición Fuente de adquisición Total de préstamos Signatura topográfica completa Código de barras Visto por última vez Precio de reemplazo Tipo de ítem Koha
        Biblioteca del Ateneo de Madrid Biblioteca del Ateneo de Madrid Depósito 2 17/01/2008     C-52789 1142304 23/02/2023 23/02/2023 Libro impreso